000 00718nam a2200217Ia 4500
001 9861
003 GE_BSU
008 181216s||||||||xx |||||||||||||| ||und||
040 _cGE_BSU
080 _a821.353.1-11
100 _aნონეშვილი,იოსებ
245 _aამბავი ერთი ქალიშვილისა
245 _bპოემა
245 _cრედ:მ.ჭავჭანიძე; მხატვ:რ.სტურუა.
260 _aთბილისი
260 _bსაბლიტგამი
260 _c1956
300 _a90გვ;ილ;19სმ.
653 _aამბავი ერთი ქალიშვილისა
942 _cBK
999 _c43140
_d43140